000 00595nam a2200205Ia 4500
005 20250923145249.0
008 008 250917s9999 xx 000 0 eng d
037 _aTextual
040 _aDSWL
_beng
_cDSWL
041 _aeng
_2eng
084 _aW:28.2'N6t4, N73;1
_qDSWL
245 2 _aA Survey of Research in Public Administration
_cby Indian Council of Social Indian
260 _aBombay
_b Allied Publishers
_c1973
300 _axvi,352p.
365 _aINR
_b35
490 _vVol. I
925 _g35
942 _cTEXL
_hW:28.2'N6t4, N73;1
999 _c1449188
_d1449188